| 000 | 01105nac a22003251u 4500 | ||
|---|---|---|---|
| 999 |
_c2820 _d2820 |
||
| 003 | EG-ScBUE | ||
| 005 | 20210508095230.0 | ||
| 008 | 200219t2006 nyu f b 001 0 eng d | ||
| 020 | _a0321117255 | ||
| 020 | _a9780321117250 | ||
| 035 | _a(OCoLC)ocm55124911 | ||
| 040 |
_aEG-ScBUE _beng _erda _cEG-ScBUE _dEG-ScBUE |
||
| 082 | 0 | 4 |
_a821.008 _bMCM _222 |
| 245 | 0 | 4 |
_aThe Longman anthology of poetry / _b[compiled by] Lynne McMahon, University of Missouri Columbia, Averill Curdy, Northwestern University. |
| 264 | 1 |
_aNew York : _bPearson Education, Inc., _c[2006] |
|
| 264 | 4 | _cc2006 | |
| 300 |
_alii, 1846 pages : _billustrations ; _c24 cm |
||
| 336 |
_2rdacontent _atext _btxt |
||
| 337 |
_2rdamedia _aunmediated _bn |
||
| 338 |
_2rdacarrier _avolume _bnc |
||
| 504 | _aIncludes bibliographical references and index. | ||
| 650 | 7 |
_aEnglish poetry. _2BUEsh |
|
| 650 | 7 |
_aAmerican poetry. _2BUEsh |
|
| 651 | _2BUEsh | ||
| 653 |
_bHHUUEENN _cMay2021 |
||
| 655 |
_vReading book _934232 |
||
| 700 | 1 |
_aMcMahon, Lynne, _ecompiler. |
|
| 700 | 1 |
_aCurdy, Averill, _ecompiler. |
|
| 942 |
_cBB _k821.008M4599 _2ddc |
||